000
00281nam a2200109Ia 4500
008
230907s9999||||xx |||||||||||||| ||und||
082
_a
333.7
_b
GOO
100
_a
Goodstein, Eban S.,
_9
115899
245
0
_a
Economics and the environment /
300
_a
xiv, 529 pages :
942
_c
BK
999
_c
600099
_d
600099